000 00451nam a2200181Ia 4500
001 16135
005 20260306170247.0
008 260306t2019||||xx |||||||||||||| ||und||
041 _aESP
082 _a346.944
_bP78
100 _aPortalis, Jean-Étienne-Marie,
_eAUT
245 0 _aDerecho civil francés :
_bpasado y futuro
260 _c2019
300 _a108 páginas :
_c23 cm.
650 _aGEN
654 _aCDE
942 _cLIB
_dJUS
_fJUS
_2ddc
_n
999 _c16135
_d16135